[Event "Riga Tech Rapid op"]
[Site "Riga"]
[Date "2021.08.08"]
[Round "6"]
[White "Chaillou, Thibault"]
[Black "Drill, Frank J"]
[Result "0-1"]
[WhiteElo "1885"]
[BlackElo "2059"]
[PlyCount "40"]
[EventDate "2021.08.08"]
[EventType "swiss (rapid)"]
[EventRounds "9"]
[EventCountry "LAT"]
[SourceTitle "CBM 203 Extra"]
[Source "ChessBase"]
[SourceDate "2021.09.30"]
[SourceVersion "1"]
[SourceVersionDate "2021.09.30"]
[SourceQuality "1"]

1. e4 Nc6 2. d4 d5 3. exd5 Qxd5 4. Nf3 Bg4 5. Be2 0-0-0 6. 0-0 Nf6 7. c3 Qh5 8. b4 e5 9. b5 Ne7 10. Re1 exd4 11. Nxd4 Ned5 12. Qa4 Bd6 13. h3 Rhe8 14. Be3 Nxe3 15. fxe3 Qh4 16. Nd2 Bxh3 17. gxh3 Qg3+ 18. Kf1 Qxh3+ 19. Kg1 Qh2+ 20. Kf1 Bg3 0-1

[Event "Riga Tech Rapid op"]
[Site "Riga"]
[Date "2021.08.08"]
[Round "3"]
[White "Drill, Frank J"]
[Black "Laurusas, Tomas"]
[Result "0-1"]
[WhiteElo "2059"]
[BlackElo "2549"]
[PlyCount "46"]
[EventDate "2021.08.08"]
[EventType "swiss (rapid)"]
[EventRounds "9"]
[EventCountry "LAT"]
[SourceTitle "CBM 203 Extra"]
[Source "ChessBase"]
[SourceDate "2021.09.30"]
[SourceVersion "1"]
[SourceVersionDate "2021.09.30"]
[SourceQuality "1"]

1. d4 Nf6 2. Nc3 d5 3. e4 dxe4 4. f3 exf3 5. Nxf3 c6 6. Ne5 Be6 7. Be3 Nbd7 8. Nd3 Bf5 9. Qf3 e6 10. 0-0-0 Bg4 11. Qg3 Bxd1 12. Nxd1 Be7 13. Be2 0-0 14. Rf1 Rc8 15. Bh6 Ne8 16. Ne5 c5 17. Bh5 Ndf6 18. Be2 cxd4 19. Nf2 Bd6 20. Nfd3 Nd7 21. Bf4 Nxe5 22. Nxe5 f6 23. Nd3 e5 0-1

[Event "Riga Tech Rapid op"]
[Site "Riga"]
[Date "2021.08.08"]
[Round "8"]
[White "Kaverins, Nikita"]
[Black "Drill, Frank J"]
[Result "1-0"]
[WhiteElo "1693"]
[BlackElo "2059"]
[PlyCount "103"]
[EventDate "2021.08.08"]
[EventType "swiss (rapid)"]
[EventRounds "9"]
[EventCountry "LAT"]
[SourceTitle "CBM 203 Extra"]
[Source "ChessBase"]
[SourceDate "2021.09.30"]
[SourceVersion "1"]
[SourceVersionDate "2021.09.30"]
[SourceQuality "1"]

1. e4 Nc6 2. d4 d5 3. e5 f6 4. f4 Nh6 5. Nf3 Bf5 6. Bb5 Qd7 7. c4 Bxb1 8. Rxb1 e6 9. 0-0 Be7 10. c5 0-0 11. Kh1 Qe8 12. Be3 Qg6 13. Bxc6 bxc6 14. Qa4 Qd3 15. Bg1 Qb5 16. Qc2 Rab8 17. b4 Nf7 18. a4 Qa6 19. Rfd1 Rb7 20. Rb2 Rfb8 21. Rdb1 h6 22. Qb3 Nd8 23. Be3 Nf7 24. Bd2 Qe2 25. Be3 Qa6 26. f5 exf5 27. b5 cxb5 28. axb5 Qe6 29. c6 Rxb5 30. Qxb5 Rxb5 31. Rxb5 Qxc6 32. Rb8+ Kh7 33. Rc1 Qd7 34. Rb7 Bd8 35. exf6 gxf6 36. Bf4 Nd6 37. Rxa7 Nc4 38. Nd2 Nd6 39. Nb3 Kg6 40. Nc5 Qe7 41. Bxd6 Qxd6 42. Re1 Qb6 43. Raa1 Qb4 44. Rad1 c6 45. Re6 Bb6 46. Rxc6 Bxc5 47. Rxc5 Qb3 48. Rcc1 f4 49. Rf1 Qe3 50. Rcd1 h5 51. Rf3 Qe2 52. Rdf1 1-0

[Event "Hessenliga 1921"]
[Site "Hessen"]
[Date "2019.09.22"]
[Round "1.8"]
[White "Gerber, Peter"]
[Black "Drill, Frank J"]
[Result "1/2-1/2"]
[WhiteElo "2143"]
[BlackElo "2056"]
[PlyCount "22"]
[EventDate "2019.09.22"]
[EventType "team-tourn"]
[EventRounds "9"]
[EventCountry "GER"]
[SourceTitle "EXT 2024"]
[Source "ChessBase"]
[SourceDate "2023.10.10"]
[SourceVersion "1"]
[SourceVersionDate "2023.10.10"]
[SourceQuality "1"]
[WhiteTeam "Giessen"]
[BlackTeam "Neuberg II"]
[WhiteTeamCountry "GER"]
[BlackTeamCountry "GER"]

1. e4 d6 2. d4 Nf6 3. Nc3 Nbd7 4. Nf3 e5 5. g3 c6 6. a4 b6 7. Bg2 Ba6 8. Nh4 g6 9. Be3 Qc7 10. h3 Be7 11. Qd2 Rc8 1/2-1/2

[Event "Frankfurt-chA"]
[Site "Frankfurt"]
[Date "2019.06.17"]
[Round "7"]
[White "Kuhn, Gerhard"]
[Black "Drill, Frank J"]
[Result "1/2-1/2"]
[WhiteElo "1941"]
[BlackElo "2052"]
[PlyCount "33"]
[EventDate "2019.04.29"]
[EventType "swiss"]
[EventRounds "7"]
[EventCountry "GER"]
[SourceTitle "EXT 2020"]
[Source "ChessBase"]
[SourceDate "2019.10.17"]
[SourceVersion "1"]
[SourceVersionDate "2019.10.17"]
[SourceQuality "1"]

1. e4 e5 2. Nf3 f5 3. Nxe5 Nc6 4. d4 Qh4 5. Nxc6 dxc6 6. Nc3 Bb4 7. g3 Qxe4+ 8. Qe2 Nf6 9. f3 Qxe2+ 10. Bxe2 Be6 11. Kf2 0-0 12. a3 Bd6 13. Re1 Rae8 14. Bf1 Kh8 15. b4 b5 16. Ne2 Nd5 17. Nf4 1/2-1/2

[Event "Frankfurt-chA"]
[Site "Frankfurt"]
[Date "2019.05.06"]
[Round "2"]
[White "Drill, Frank J"]
[Black "Brehme, Ralf Peter"]
[Result "1/2-1/2"]
[WhiteElo "2052"]
[BlackElo "1875"]
[PlyCount "29"]
[EventDate "2019.04.29"]
[EventType "swiss"]
[EventRounds "7"]
[EventCountry "GER"]
[SourceTitle "EXT 2020"]
[Source "ChessBase"]
[SourceDate "2019.10.17"]
[SourceVersion "1"]
[SourceVersionDate "2019.10.17"]
[SourceQuality "1"]

1. d4 f5 2. Bf4 Nf6 3. e3 e6 4. Bd3 b6 5. Qf3 Nc6 6. c3 Bb7 7. Qh3 Qe7 8. Bg5 Nd8 9. Ne2 Nf7 10. Bxf6 Qxf6 11. Nd2 0-0-0 12. e4 g6 13. 0-0-0 Bh6 14. f3 Be3 15. Kc2 1/2-1/2

[Event "Frankfurt-chA"]
[Site "Frankfurt"]
[Date "2019.04.30"]
[Round "1"]
[White "Moritz, Dennis"]
[Black "Drill, Frank J"]
[Result "0-1"]
[WhiteElo "1734"]
[BlackElo "2052"]
[PlyCount "56"]
[EventDate "2019.04.29"]
[EventType "swiss"]
[EventRounds "7"]
[EventCountry "GER"]
[SourceTitle "EXT 2020"]
[Source "ChessBase"]
[SourceDate "2019.10.17"]
[SourceVersion "1"]
[SourceVersionDate "2019.10.17"]
[SourceQuality "1"]

1. d4 d6 2. c4 e5 3. dxe5 Nc6 4. Nf3 Bg4 5. Bg5 Qd7 6. e3 Qf5 7. Bh4 dxe5 8. Be2 Nf6 9. 0-0 Bd6 10. Nc3 0-0-0 11. Qa4 e4 12. Nd4 Nxd4 13. exd4 Bxe2 14. Bxf6 Qh5 15. Be5 Bxf1 16. Rxf1 Bxe5 17. dxe5 a6 18. c5 Qxe5 19. c6 Qd4 20. cxb7+ Kxb7 21. Qb3+ Qb6 22. Qxf7 Rhf8 23. Qe7 Rde8 24. Qg5 e3 25. h3 exf2+ 26. Kh2 Qd6+ 27. Qg3 Qxg3+ 28. Kxg3 Re3+ 0-1

[Event "Hessenliga 1718"]
[Site "Hessen"]
[Date "2017.11.05"]
[Round "2.5"]
[White "Halt, David"]
[Black "Drill, Frank J"]
[Result "1-0"]
[WhiteElo "2042"]
[BlackElo "2014"]
[PlyCount "111"]
[EventDate "2017.09.17"]
[EventType "team-tourn"]
[EventRounds "9"]
[EventCountry "GER"]
[SourceTitle "CBM 189 Extra"]
[Source "ChessBase"]
[SourceDate "2019.05.31"]
[SourceVersion "1"]
[SourceVersionDate "2019.05.31"]
[SourceQuality "1"]
[WhiteTeam "Kassel II"]
[BlackTeam "Neuberg II"]
[WhiteTeamCountry "GER"]
[BlackTeamCountry "GER"]

1. e4 Nc6 2. Nf3 d5 3. exd5 Qxd5 4. Nc3 Qa5 5. d4 Bg4 6. h3 Bxf3 7. Qxf3 0-0-0 8. Qxf7 Nxd4 9. Bd3 Nf6 10. Be3 e5 11. 0-0 Bb4 12. Qxg7 Rdf8 13. Bxd4 exd4 14. Ne2 Rhg8 15. Qh6 Bd6 16. g3 Nh5 17. Qe6+ Kb8 18. Kh2 Qb6 19. Qd5 Nf6 20. Qb5 Qxb5 21. Bxb5 Ne4 22. Kg2 Nd2 23. Rfd1 Ne4 24. Rf1 Nd2 25. Rfe1 Nf3 26. Red1 c5 27. c3 Be5 28. Bc4 Rg7 29. Bd5 Nh4+ 30. Kg1 dxc3 31. bxc3 b6 32. Rd3 Ng6 33. Re1 Bc7 34. Re3 Rd7 35. c4 a6 36. Nc3 Bd6 37. Re8+ Rxe8 38. Rxe8+ Kc7 39. Ra8 Be5 40. Ne4 a5 41. f4 Bd4+ 42. Kg2 h6 43. a4 Rg7 44. Kf3 Ne7 45. Ra7+ Kd8 46. Be6 Nc6 47. Ra8+ Ke7 48. Bd5 Nb4 49. Rb8 Nxd5 50. cxd5 c4 51. Rc8 c3 52. Rc4 c2 53. Rxc2 Kd7 54. Rc4 Bg1 55. g4 Re7 56. Rc6 1-0

[Event "Rhein Main op-A 20th"]
[Site "Bad Homburg"]
[Date "2017.06.17"]
[Round "5"]
[White "Drill, Frank J"]
[Black "Weiland, Thomas"]
[Result "1-0"]
[WhiteElo "2036"]
[BlackElo "1833"]
[PlyCount "53"]
[EventDate "2017.06.14"]
[EventType "swiss"]
[EventRounds "7"]
[EventCountry "GER"]
[SourceTitle "EXT 2018"]
[Source "ChessBase"]
[SourceDate "2017.10.13"]
[SourceVersion "1"]
[SourceVersionDate "2017.10.13"]
[SourceQuality "1"]

1. d4 f5 2. Bf4 Nf6 3. e3 g6 4. h4 Bg7 5. h5 Nxh5 6. Rxh5 gxh5 7. Qxh5+ Kf8 8. Qxf5+ Kg8 9. Nc3 e6 10. Qh5 d5 11. Nf3 Bd7 12. 0-0-0 Nc6 13. a3 a6 14. Bd3 Be8 15. Qg4 Qe7 16. Rh1 h5 17. Qg3 b5 18. Bxc7 b4 19. Bd6 Qb7 20. axb4 Nxb4 21. Bg6 Rh6 22. Bxe8 Rxe8 23. Bf4 Rh8 24. Ne5 Nc6 25. Qg6 Re7 26. Nxd5 Nxe5 27. Nxe7+ 1-0

[Event "Rhein Main op-A 20th"]
[Site "Bad Homburg"]
[Date "2017.06.15"]
[Round "3"]
[White "Drill, Frank J"]
[Black "Papadopoulos, Ioannis1"]
[Result "1-0"]
[WhiteElo "2036"]
[BlackElo "1826"]
[PlyCount "111"]
[EventDate "2017.06.14"]
[EventType "swiss"]
[EventRounds "7"]
[EventCountry "GER"]
[SourceTitle "EXT 2018"]
[Source "ChessBase"]
[SourceDate "2017.10.13"]
[SourceVersion "1"]
[SourceVersionDate "2017.10.13"]
[SourceQuality "1"]

1. b3 e5 2. Bb2 Nc6 3. e3 Nf6 4. Bb5 d6 5. Ne2 Be7 6. f4 Bd7 7. 0-0 e4 8. Ng3 d5 9. c4 dxc4 10. Bxc4 Bg4 11. Be2 Bxe2 12. Qxe2 Qd3 13. Qxd3 exd3 14. Nf5 g6 15. Nxe7 Kxe7 16. Ba3+ Kd7 17. Bb2 Ke7 18. Nc3 Rhe8 19. e4 Rad8 20. Ba3+ Kd7 21. e5 Ng8 22. Ne4 Kc8 23. Rac1 Kb8 24. Rc4 Rd4 25. Rfc1 Red8 26. Bb2 Rxc4 27. Rxc4 h6 28. g4 Nge7 29. Nf6 Nd5 30. Nxd5 Rxd5 31. Re4 Kc8 32. Kf2 Kd7 33. Ke3 Ke6 34. f5+ gxf5 35. gxf5+ Kxf5 36. Rf4+ Ke6 37. Rf6+ Ke7 38. Ke4 Rb5 39. Rxh6 a5 40. Rh3 a4 41. Rxd3 axb3 42. Rxb3 Rxb3 43. axb3 Nd8 44. Kf5 Ne6 45. Ba3+ c5 46. Ke4 b6 47. b4 cxb4 48. Bxb4+ Kd7 49. h4 Kc6 50. Kf5 Nd4+ 51. Kf6 Nf3 52. h5 Kd5 53. Bc3 b5 54. h6 Nh4 55. h7 Ng6 56. Kxf7 1-0

[Event "Oberliga Ost-B 1617"]
[Site "Germany"]
[Date "2017.05.07"]
[Round "11.7"]
[White "Duchrow, Oliver"]
[Black "Drill, Frank J"]
[Result "0-1"]
[WhiteElo "2069"]
[BlackElo "2049"]
[PlyCount "76"]
[EventDate "2016.10.16"]
[EventType "team-tourn"]
[EventRounds "11"]
[EventCountry "GER"]
[SourceTitle "EXT 2018"]
[Source "ChessBase"]
[SourceDate "2017.10.13"]
[SourceVersion "1"]
[SourceVersionDate "2017.10.13"]
[SourceQuality "1"]
[WhiteTeam "Sangerhausen"]
[BlackTeam "Neuberg"]
[WhiteTeamCountry "GER"]
[BlackTeamCountry "GER"]

1. e4 Nc6 2. d4 d5 3. e5 f6 4. exf6 Nxf6 5. Bf4 a6 6. h4 e6 7. Nf3 Bd6 8. Ne5 0-0 9. g3 Qe8 10. Be2 Nd7 11. Nxd7 Qxd7 12. Bxd6 Qxd6 13. Qd2 e5 14. c3 Qf6 15. f4 exf4 16. Rf1 Qg6 17. gxf4 Bh3 18. Bf3 Bxf1 19. Kxf1 Qd6 20. Kg2 Rxf4 21. Qf2 Ne7 22. Nd2 Nf5 23. Rh1 Re8 24. Rh3 c6 25. Nf1 Kh8 26. Nh2 Qe7 27. Ng4 Rxg4+ 28. Bxg4 Ne3+ 29. Rxe3 Qxe3 30. Qxe3 Rxe3 31. Kf2 Re4 32. Bc8 Re7 33. b4 Kg8 34. a4 Kf8 35. a5 Ke8 36. Kf3 Kd8 37. Bf5 g6 38. Bh3 Re4 0-1

[Event "Panevezys op-A"]
[Site "Panevezys"]
[Date "2016.06.09"]
[Round "6"]
[White "Drill, Frank J"]
[Black "Petraitis, Gintautas"]
[Result "1-0"]
[WhiteElo "2049"]
[BlackElo "1920"]
[PlyCount "53"]
[EventDate "2016.06.06"]
[EventType "swiss"]
[EventRounds "9"]
[EventCountry "LTU"]
[SourceTitle "CBM 172 Extra"]
[Source "ChessBase"]
[SourceDate "2016.06.21"]
[SourceVersion "1"]
[SourceVersionDate "2016.06.21"]
[SourceQuality "1"]

1. d4 Nf6 2. Nc3 d5 3. e4 dxe4 4. f3 exf3 5. Nxf3 e6 6. Bg5 Be7 7. Qd2 0-0 8. 0-0-0 Nc6 9. a3 a6 10. Bd3 g6 11. Qf2 Ng4 12. Qh4 Nf2 13. Ne4 Nxd3+ 14. Rxd3 f6 15. Be3 Rf7 16. Qg3 b6 17. Rf1 Bb7 18. Nc3 Bd6 19. Qh3 Bc8 20. g4 Qe7 21. Rd2 Na5 22. Rdf2 Nc4 23. Ng5 Bxa3 24. Nxf7 Bxb2+ 25. Kd1 Bxc3 26. Rxf6 Bb7 27. Rxg6+ 1-0

[Event "Groningen Vierkampen 1"]
[Site "Groningen"]
[Date "2015.12.23"]
[Round "3"]
[White "Beukema, Jasper"]
[Black "Drill, Frank J"]
[Result "1/2-1/2"]
[WhiteElo "2040"]
[BlackElo "2039"]
[PlyCount "68"]
[EventDate "2015.12.21"]
[EventType "tourn"]
[EventRounds "3"]
[EventCountry "NED"]
[SourceTitle "EXT 2017"]
[Source "ChessBase"]
[SourceDate "2016.10.25"]
[SourceVersion "1"]
[SourceVersionDate "2016.10.25"]
[SourceQuality "1"]

1. e4 Nc6 2. Nf3 f5 3. e5 d6 4. d4 dxe5 5. dxe5 Qxd1+ 6. Kxd1 Be6 7. c4 Rd8+ 8. Kc2 Nh6 9. h3 Nf7 10. Bf4 g5 11. Nxg5 Nxg5 12. Bxg5 Nxe5 13. Na3 f4 14. Re1 Bf5+ 15. Kc1 Ng6 16. g4 fxg3 17. fxg3 h6 18. Be3 h5 19. Bg2 Ne5 20. Bf1 Bg7 21. Bf4 Nc6 22. Nc2 Rd7 23. Bg2 0-0 24. Bd5+ Kh8 25. Be6 Bxe6 26. Rxe6 Nd8 27. Re4 Nc6 28. Be3 Rf3 29. Rh4 Ne5 30. Rxh5+ Kg8 31. Rg5 Nxc4 32. Bd4 e5 33. Bc3 Kf7 34. Rg4 Bh6+ 1/2-1/2

[Event "Panevezys op 27th"]
[Site "Panevezys"]
[Date "2014.09.10"]
[Round "7"]
[White "Wiewesiek, Timo"]
[Black "Drill, Frank J"]
[Result "1/2-1/2"]
[WhiteElo "1815"]
[BlackElo "2124"]
[PlyCount "60"]
[EventDate "2014.09.05"]
[EventType "swiss"]
[EventRounds "9"]
[EventCountry "LTU"]
[SourceTitle "CBM 162 Extra"]
[Source "ChessBase"]
[SourceDate "2014.10.17"]
[SourceVersion "1"]
[SourceVersionDate "2014.10.17"]
[SourceQuality "1"]

1. d4 d6 2. Bf4 Nf6 3. e3 c6 4. c3 Qc7 5. h3 Bf5 6. Bd3 Bg6 7. Nf3 Nbd7 8. Bxg6 hxg6 9. Nbd2 e6 10. Qe2 Be7 11. e4 e5 12. Bh2 0-0-0 13. 0-0-0 Nh5 14. g4 Nf4 15. Bxf4 exf4 16. h4 f6 17. Rh3 Qa5 18. Kb1 Kb8 19. Rdh1 Bf8 20. Ne1 Re8 21. Nd3 g5 22. hxg5 Rxh3 23. Rxh3 fxg5 24. Rh1 Qd8 25. Qf1 Qf6 26. Qh3 c5 27. d5 c4 28. Nc1 Nc5 29. f3 Rc8 30. Ne2 Qd8 1/2-1/2

[Event "Panevezys op 27th"]
[Site "Panevezys"]
[Date "2014.09.07"]
[Round "4"]
[White "Drill, Frank J"]
[Black "Martinkus, Rolandas"]
[Result "1/2-1/2"]
[WhiteElo "2124"]
[BlackElo "2136"]
[PlyCount "90"]
[EventDate "2014.09.05"]
[EventType "swiss"]
[EventRounds "9"]
[EventCountry "LTU"]
[SourceTitle "CBM 162 Extra"]
[Source "ChessBase"]
[SourceDate "2014.10.17"]
[SourceVersion "1"]
[SourceVersionDate "2014.10.17"]
[SourceQuality "1"]

1. d4 c5 2. d5 Nf6 3. Nc3 e5 4. e4 d6 5. f4 Bg4 6. Be2 Bxe2 7. Qxe2 Nbd7 8. Nf3 exf4 9. Bxf4 Nh5 10. Bd2 g6 11. g4 Nhf6 12. h3 Bg7 13. Bf4 0-0 14. 0-0 Re8 15. Nd2 b5 16. Qxb5 Rb8 17. Qd3 c4 18. Nxc4 Nc5 19. Qf3 Nfxe4 20. Nxe4 Nxe4 21. Rae1 Bd4+ 22. Kh2 f5 23. gxf5 Qc8 24. Rxe4 Qxc4 25. Rfe1 Rf8 26. fxg6 Rxb2 27. gxh7+ Kh8 28. Re8 Rb8 29. Rxb8 Rxb8 30. Bxd6 Qxc2+ 31. Qe2 Rb2 32. Qxc2 Rxc2+ 33. Kh1 Rxa2 34. Rd1 Bb6 35. Be7 Kxh7 36. d6 Re2 37. Rb1 Rd2 38. Rb5 Kg6 39. h4 Be3 40. h5+ Kf7 41. Rb3 Bc5 42. Rb5 Bxd6 43. Bxd6 Rxd6 44. Rb7+ Kg8 45. Rxa7 Rd5 1/2-1/2

[Event "Panevezys op 27th"]
[Site "Panevezys"]
[Date "2014.09.05"]
[Round "1"]
[White "Urbonaviciute, Zivile"]
[Black "Drill, Frank J"]
[Result "0-1"]
[WhiteElo "1851"]
[BlackElo "2124"]
[PlyCount "62"]
[EventDate "2014.09.05"]
[EventType "swiss"]
[EventRounds "9"]
[EventCountry "LTU"]
[SourceTitle "CBM 162 Extra"]
[Source "ChessBase"]
[SourceDate "2014.10.17"]
[SourceVersion "1"]
[SourceVersionDate "2014.10.17"]
[SourceQuality "1"]

1. e4 Nc6 2. d4 d5 3. e5 f6 4. exf6 Nxf6 5. Nf3 Bg4 6. Be2 Qd6 7. Nc3 a6 8. Be3 0-0-0 9. Qd2 Bxf3 10. Bxf3 e5 11. 0-0-0 e4 12. Be2 Qe6 13. a3 Bd6 14. h3 Qe7 15. Kb1 Rhf8 16. Bg5 Qe6 17. Rhf1 Ne7 18. Be3 Rde8 19. Na4 h5 20. Qc3 g6 21. Nc5 Bxc5 22. Qxc5 Nd7 23. Qb4 Nb6 24. Qc5 Rd8 25. Bg5 Rf7 26. c4 dxc4 27. d5 Rxd5 28. Rxd5 Nexd5 29. Rd1 Rf5 30. Qe3 c3 31. Kc2 Nxe3+ 0-1

[Event "Rewal op-A 19th"]
[Site "Rewal"]
[Date "2014.08.20"]
[Round "2"]
[White "Voloshin, Leonid"]
[Black "Drill, Frank J"]
[Result "1-0"]
[WhiteElo "2403"]
[BlackElo "2124"]
[PlyCount "89"]
[EventDate "2014.08.19"]
[EventType "swiss"]
[EventRounds "9"]
[EventCountry "POL"]
[SourceTitle "EXT 2015"]
[Source "ChessBase"]
[SourceDate "2014.11.20"]
[SourceVersion "1"]
[SourceVersionDate "2014.11.20"]
[SourceQuality "1"]

1. Nf3 d6 2. d4 Bg4 3. e4 Nd7 4. Be2 c6 5. c4 e5 6. 0-0 Ngf6 7. Nc3 Be7 8. Be3 Qc7 9. Nd2 Bxe2 10. Qxe2 0-0 11. d5 Rfe8 12. Rfc1 Nf8 13. b4 h6 14. c5 N6d7 15. cxd6 Qxd6 16. Nc4 Qg6 17. a3 Bg5 18. Na5 Rab8 19. dxc6 bxc6 20. Rd1 Nb6 21. Bxg5 Qxg5 22. Nxc6 Rbc8 23. b5 Ne6 24. Qf3 a6 25. a4 Nxa4 26. Rxa4 axb5 27. Ra6 Rxc6 28. Rxc6 Nd4 29. Rxd4 exd4 30. Nd1 Qd2 31. g3 Qe1+ 32. Kg2 Rxe4 33. Rc8+ Re8 34. Rxe8+ Qxe8 35. Qd5 b4 36. Qxd4 Qc6+ 37. Kg1 Qc1 38. Qd8+ Kh7 39. Qd3+ g6 40. Qb3 Kg8 41. h4 h5 42. Kf1 Qd2 43. Ne3 Kf8 44. Nd5 Qc1+ 45. Kg2 1-0